[Event "Santa Maria Espiritossantense"]
[Site "Santa Maria de Jetiba"]
[Date "2009.10.10"]
[Round "2.8"]
[White "Hulig, Clenio da Silva"]
[Black "Rodrigues Leoncio, Barbara Tabosa"]
[Result "1-0"]
[WhiteElo "1832"]
[BlackElo "1805"]
[PlyCount "20"]
[EventDate "2009.10.09"]
[EventType "swiss"]
[EventRounds "6"]
[EventCountry "BRA"]
[SourceTitle "EXT 2022"]
[Source "ChessBase"]
[SourceDate "2021.10.06"]
[SourceVersion "1"]
[SourceVersionDate "2021.10.06"]
[SourceQuality "1"]

1. e4 e5 2. Bc4 Nf6 3. Nf3 Nc6 4. Ng5 Qe7 5. Bxf7+ Kd8 6. Bc4 Ke8 7. Bf7+ Kd8 8. c3 Na5 9. b4 h6 10. Nf3 Qxf7 1-0